banner-ar

التقويم الذاتى و اثرة على دافعية التلاميذ نحو التعلم و مستوى تحصيلهم الدراسى = (Record no. 61490)

MARC details
000 -الفاتح
حقل البيانات ثابتة الطول 01115nam a22002417a 4500
005 - وقت وتاريخ اخر تعامل مع التسجيلة
رقم الضبط 20240530110502.0
008 - عناصر البيانات ثابتة الطول - معلومات عامة
حقل البيانات ثابتة الطول 150726s2013 ua ao g b 000 0 ara d
017 ## - رقم الايداع القانونى
رقم الايداع القانونى 16889
المصدر ( الهيئة المختصة) مصر . دار الكتب المصرية
020 ## - الرقم الدولى المعيارى للكتب
الرقم الدولى المعيارى للكتاب 9789773684907
040 ## - مصدر الفهرسة
وكالة الفهرسة الأصلية EG-CaGPL
082 04 - رقم تصنيف ديوى العشرى
رقم الطبعة 21
رقم التصنيف 371.394\
رقم المادة ح ت
100 0# - المدخل الرئيسى - إسم شخصى
الإسم الشخصى حسناء فاروق جلال الديب
245 12 - بيان العنوان
العنوان التقويم الذاتى و اثرة على دافعية التلاميذ نحو التعلم و مستوى تحصيلهم الدراسى =
بقية العنوان The effectiveness of self - evaluation on both the students motivation towards learning and the level of academic achievement /
بيان المسئوليه,etc تاليف حسناء فاروق جلال الديب
250 ## - بيان الطبعة
بيان الطبعة ط1
260 ## - PUBLICATION, DISTRIBUTION, ETC. (IMPRINT)
تاريخ النشر أو التوزيع 2013 .
300 ## - الوصف المادى
التعداد 164 ص :
تفاصيل ماديه اخرى للوعاء صور ؛
أبعاد الوعاء 24 سم .
504 ## - تبصرة ببليوجرافية
تبصرة ببليوجرافية,الخ يشتمل على ارجاعات ببليوجرافية
650 04 - المدخل الاضافى بالموضوع-مصطلح موضوعى
مصطلح موضوعي الطلبة
التقسيم الفرعي العام تقييم
650 04 - المدخل الاضافى بالموضوع-مصطلح موضوعى
مصطلح موضوعي الاختبارات
650 04 - المدخل الاضافى بالموضوع-مصطلح موضوعى
مصطلح موضوعي الطلبة
التقسيم الفرعي العام حقوق
942 ## - عناصر المدخل الإضافي( كوها)
مصدر التصنيف او مخطط الترفيف Dewey Decimal Classification
Koha [default] item type كتاب
260 ## - PUBLICATION, DISTRIBUTION, ETC. (IMPRINT)
-- الاسكندرية :
-- مؤسسة حورس الدولية ،
Holdings
حالة التراجع حالة الفقد حالة تلف ليس للاعارة المكان المؤقت الموقع الحالى تاريخ الاكتساب اجمالي اﻻعارات رقم الطلب الباركود تاريخ اخر مشاهدة تاريخ تفعيل السعر نوع وعاء كوها
        مكتبة القاهرة الكبرى مكتبة القاهرة الكبرى 07/26/2015   371.394\ ح ت 160797 07/26/2015 07/26/2015 كتاب

Powered By

EGPV